000 01203nam a2200217Ia 4500
999 _c44321
_d44321
001 11080
003 GE_BSU
005 20200524225003.0
008 181216s1965||||ge |||||||||||||| ||geo||
040 _cGE_BSU
041 _ageo
080 _a81'374(038)=353.1'35 თ-77
100 _aთოფურია, ვ.
_91040
245 _aქართული ენის ორთოგრაფიული ლექსიკონი = Орфографический словарь грузинского языка /
_cვ. თოფურია, ივ. გიგინეიშვილი ; ვარლამ თოფურიას რედაქციით.
264 _aთბილისი :
_bგანათლება,
_c1968.
300 _a1094 გვ. ;
_c20 სმ.
653 _aქართული ენის ორთოგრაფიული ლექსიკონი=Орфографический словарь грузинского языка
710 _aსაქ.სსრ მეცნიერებათა აკადემია
_98173
710 _a ენათმეცნიერების ინსტიტუტი
_98174
942 _cBK
_2udc